[Event "HUN-chT2 Erkel 2223"]
[Site "Hungary"]
[Date "2023.03.26"]
[Round "8.12"]
[White "Huszar, Andras"]
[Black "Minga Nagy, Abel Inti"]
[Result "1/2-1/2"]
[WhiteElo "1456"]
[BlackElo "1709"]
[PlyCount "111"]
[EventDate "2022.11.20"]
[EventType "team-tourn"]
[EventRounds "9"]
[EventCountry "HUN"]
[SourceTitle "EXT 2025"]
[Source "ChessBase"]
[SourceDate "2024.10.14"]
[SourceVersion "1"]
[SourceVersionDate "2024.10.14"]
[SourceQuality "1"]
[WhiteTeam "Egri Bolyky"]
[BlackTeam "HASE"]
[WhiteTeamCountry "HUN"]
[BlackTeamCountry "HUN"]

1. d4 Nf6 2. Nf3 e6 3. g3 b6 4. Bg2 Bb7 5. c4 Bb4+ 6. Bd2 Bxd2+ 7. Nbxd2 0-0 8. 0-0 d6 9. Qc2 c5 10. e4 cxd4 11. Nxd4 Nc6 12. Nxc6 Bxc6 13. Rad1 Qc7 14. b4 Rac8 15. Qb2 Rfd8 16. Rfe1 a5 17. b5 Ba8 18. e5 dxe5 19. Bxa8 Rxa8 20. Qxe5 Qxe5 21. Rxe5 Rd4 22. c5 bxc5 23. Rxc5 Ne4 24. Rc2 Kf8 25. Kf1 Rb8 26. Nxe4 Rxd1+ 27. Ke2 Rd5 28. a4 Rbd8 29. b6 Rb8 30. Rc6 Ke7 31. Nc5 Rxb6 32. Rxb6 Rxc5 33. Rb7+ Kf6 34. Kd3 Rf5 35. f4 h5 36. Kc4 h4 37. Rb5 g5 38. fxg5+ Kxg5 39. gxh4+ Kxh4 40. Rxf5 exf5 41. Kd3 Kh3 42. Ke3 Kxh2 43. Kf4 Kg2 44. Kxf5 Kf3 45. Kf6 Ke4 46. Kxf7 Kd4 47. Ke6 Kc5 48. Ke5 Kb4 49. Kd4 Kxa4 50. Kc4 Ka3 51. Kc3 Ka2 52. Kc2 a4 53. Kc3 a3 54. Kc2 Ka1 55. Kc1 a2 56. Kc2 1/2-1/2

[Event "HUN-chT2 Erkel 2223"]
[Site "Hungary"]
[Date "2023.03.12"]
[Round "7.12"]
[White "Molnar, Lidia Emilia"]
[Black "Huszar, Andras"]
[Result "1/2-1/2"]
[WhiteElo "1525"]
[BlackElo "1456"]
[PlyCount "104"]
[EventDate "2022.11.20"]
[EventType "team-tourn"]
[EventRounds "9"]
[EventCountry "HUN"]
[SourceTitle "EXT 2025"]
[Source "ChessBase"]
[SourceDate "2024.10.14"]
[SourceVersion "1"]
[SourceVersionDate "2024.10.14"]
[SourceQuality "1"]
[WhiteTeam "Kekes II"]
[BlackTeam "Egri Bolyky"]
[WhiteTeamCountry "HUN"]
[BlackTeamCountry "HUN"]

1. d4 d5 2. Bf4 Nf6 3. e3 c5 4. c3 e6 5. Nd2 Bd6 6. Bg3 0-0 7. Ngf3 Qc7 8. Bd3 Nbd7 9. e4 e5 10. 0-0 exd4 11. cxd4 Bxg3 12. hxg3 cxd4 13. Rc1 Qd6 14. exd5 Ne5 15. Nxe5 Qxe5 16. Nf3 Qxd5 17. Bc4 Qd8 18. Qxd4 Bf5 19. Rfd1 Qxd4 20. Nxd4 Bg6 21. Bd3 Rac8 22. Nf5 Rxc1 23. Ne7+ Kh8 24. Nxg6+ hxg6 25. Rxc1 Rd8 26. Rd1 Kg8 27. Kf1 Kf8 28. Ke2 Ng4 29. f3 Re8+ 30. Kd2 Nf2 31. Rc1 Nxd3 32. Kxd3 Rd8+ 33. Ke2 Ke7 34. Rc7+ Rd7 35. Rxd7+ Kxd7 36. Kd3 Kd6 37. Kd4 g5 38. g4 b6 39. a4 a6 40. g3 f6 41. b3 a5 42. Kc4 Kc6 43. b4 axb4 44. Kxb4 Kc7 45. Kc3 Kc6 46. Kc4 Kd6 47. Kd4 g6 48. Kc4 Kc6 49. Kb4 Kd6 50. Kc4 Kc6 51. Kb4 Kd6 52. Kc4 Kc6 1/2-1/2

[Event "HUN-chT2 Erkel 2223"]
[Site "Hungary"]
[Date "2022.12.04"]
[Round "2.12"]
[White "Huszar, Andras"]
[Black "Prohaszka, Gyula Imre"]
[Result "1-0"]
[WhiteElo "1423"]
[BlackElo "1470"]
[PlyCount "62"]
[EventDate "2022.11.20"]
[EventType "team-tourn"]
[EventRounds "9"]
[EventCountry "HUN"]
[SourceTitle "EXT 2025"]
[Source "ChessBase"]
[SourceDate "2024.10.14"]
[SourceVersion "1"]
[SourceVersionDate "2024.10.14"]
[SourceQuality "1"]
[WhiteTeam "Egri Bolyky"]
[BlackTeam "Vac"]
[WhiteTeamCountry "HUN"]
[BlackTeamCountry "HUN"]

1. d4 d5 2. c4 e6 3. Nc3 Nf6 4. Bf4 c6 5. c5 Be7 6. e3 0-0 7. Nf3 Nbd7 8. Ne5 Re8 9. Bd3 Nxe5 10. dxe5 Nd7 11. h4 Nxc5 12. Bxh7+ Kxh7 13. Qc2+ Kg8 14. h5 d4 15. h6 d3 16. Qd1 d2+ 17. Kf1 Qd3+ 18. Kg1 g6 19. Qf3 Kh7 20. Bg5 Qf5 21. Qxf5 exf5 22. Bxe7 Rxe7 23. Rd1 Ne4 24. Nxe4 fxe4 25. Rxd2 Bf5 26. Rh4 Rxe5 27. Kf1 g5 28. Rh2 Rd5 29. Rc2 Rad8 30. f3 exf3 31. Rxc6 bxc6 1-0

[Event "HUN-chT2 Erkel 2122"]
[Site "Hungary"]
[Date "2022.02.27"]
[Round "7.10"]
[White "Fodre, Sandor"]
[Black "Huszar, Andras"]
[Result "1-0"]
[WhiteElo "2070"]
[BlackElo "1414"]
[PlyCount "41"]
[EventDate "2021.10.10"]
[EventType "team-tourn"]
[EventRounds "9"]
[EventCountry "HUN"]
[SourceTitle "EXT 2025"]
[Source "ChessBase"]
[SourceDate "2024.10.14"]
[SourceVersion "1"]
[SourceVersionDate "2024.10.14"]
[SourceQuality "1"]
[WhiteTeam "Dunaharaszti II"]
[BlackTeam "Egri Bolyky"]
[WhiteTeamCountry "HUN"]
[BlackTeamCountry "HUN"]

1. e4 e5 2. Nf3 Nc6 3. d4 exd4 4. Nxd4 Nf6 5. Nxc6 bxc6 6. Bd3 Be7 7. e5 Nd5 8. c4 Nb6 9. Qg4 Kf8 10. Qf3 Bb4+ 11. Nd2 d5 12. exd6 Qxd6 13. 0-0 Bxd2 14. Bxd2 Be6 15. Bf4 Qd7 16. b3 Rd8 17. Be4 Bg4 18. Qg3 Be2 19. Rfe1 Qd4 20. Bxc6 Bd1 21. Bxc7 1-0

[Event "HUN-chT2 Erkel 2122"]
[Site "Hungary"]
[Date "2021.12.19"]
[Round "4.11"]
[White "Huszar, Andras"]
[Black "Hangay, Tibor"]
[Result "1-0"]
[WhiteElo "1388"]
[BlackElo "1497"]
[PlyCount "106"]
[EventDate "2021.10.10"]
[EventType "team-tourn"]
[EventRounds "9"]
[EventCountry "HUN"]
[SourceTitle "EXT 2025"]
[Source "ChessBase"]
[SourceDate "2024.10.14"]
[SourceVersion "1"]
[SourceVersionDate "2024.10.14"]
[SourceQuality "1"]
[WhiteTeam "Egri Bolyky"]
[BlackTeam "HASE"]
[WhiteTeamCountry "HUN"]
[BlackTeamCountry "HUN"]

1. d4 d5 2. c4 e6 3. Nf3 Nf6 4. Bg5 Be7 5. Nc3 0-0 6. e3 Nbd7 7. Rc1 h6 8. Bh4 c5 9. cxd5 Nxd5 10. Bxe7 Nxe7 11. dxc5 Nxc5 12. Qxd8 Rxd8 13. Be2 Nd3+ 14. Bxd3 Rxd3 15. Ke2 Rd8 16. Rhd1 Bd7 17. Ne5 Be8 18. a4 Nc6 19. Rxd8 Rxd8 20. Nxc6 Bxc6 21. g3 Kf8 22. b4 Rc8 23. Kd2 Bd7 24. Nb5 Rxc1 25. Kxc1 Ke7 26. Kc2 Bc6 27. Kb3 a6 28. Nd4 Bd7 29. e4 e5 30. Nf5+ Bxf5 31. exf5 Kf6 32. Kc4 Ke7 33. Kd5 f6 34. g4 Kd7 35. b5 axb5 36. axb5 Ke7 37. f3 Kd7 38. Kc5 Kc7 39. h3 Kd7 40. Kb6 Kc8 41. Ka7 Kc7 42. b6+ Kc6 43. h4 Kd5 44. Kxb7 e4 45. fxe4+ Kxe4 46. Kc6 Kf4 47. b7 Kxg4 48. b8Q Kxf5 49. Qg3 g5 50. h5 Ke4 51. Qg4+ Ke5 52. Kc5 f5 53. Qd4+ Ke6 1-0

[Event "HUN-chT2 Erkel 2122"]
[Site "Hungary"]
[Date "2021.10.31"]
[Round "2.11"]
[White "Huszar, Andras"]
[Black "Peredi, Oliver"]
[Result "0-1"]
[WhiteElo "1413"]
[BlackElo "1988"]
[PlyCount "48"]
[EventDate "2021.10.10"]
[EventType "team-tourn"]
[EventRounds "9"]
[EventCountry "HUN"]
[SourceTitle "EXT 2025"]
[Source "ChessBase"]
[SourceDate "2024.10.14"]
[SourceVersion "1"]
[SourceVersionDate "2024.10.14"]
[SourceQuality "1"]
[WhiteTeam "Egri Bolyky"]
[BlackTeam "Kekes"]
[WhiteTeamCountry "HUN"]
[BlackTeamCountry "HUN"]

1. d4 Nf6 2. c4 c5 3. d5 d6 4. Nc3 g6 5. e4 Bg7 6. Bd3 0-0 7. f4 Re8 8. Nf3 e6 9. 0-0 exd5 10. cxd5 c4 11. Bc2 Qb6+ 12. Kh1 Na6 13. Na4 Qc7 14. Nc3 Nb4 15. Bb1 Bd7 16. Re1 Ng4 17. Re2 Qc5 18. Qf1 Nd3 19. Bxd3 cxd3 20. Rd2 Bxc3 21. bxc3 Rxe4 22. Qxd3 Rae8 23. Bb2 Nf2+ 24. Rxf2 Qxf2 0-1